000 00451pab a2200169 454500
008 180718b2000 xxu||||| |||| 00| 0 eng d
100 _aSiddharth, Pradeep K.
245 _aThe anti-corruption institutional architecture in India
260 _c2000
300 _ap.77-84
362 _aOct 1999-Mar 2000
650 _aCorruption - India
650 _aOmbudsman - India
650 _aOmbudsman
773 _aIndian Police Journal
909 _a46181
999 _c46181
_d46181